Mind the gap (Record no. 60141)
[ view plain ]
| 000 -LEADER | |
|---|---|
| fixed length control field | 00919cam a2200217 4500 |
| 001 - CONTROL NUMBER | |
| control field | ABS61411 |
| 008 - FIXED-LENGTH DATA ELEMENTS--GENERAL INFORMATION | |
| fixed length control field | 000000n1999 000 0 eng u |
| 035 ## - SYSTEM CONTROL NUMBER | |
| System control number | (Sirsi) u100534 |
| 100 ## - MAIN ENTRY--PERSONAL NAME | |
| Personal name | Duffy, F. |
| 245 ## - TITLE STATEMENT | |
| Title | Mind the gap |
| 260 ## - PUBLICATION, DISTRIBUTION, ETC. | |
| Date of publication, distribution, etc. | 1999 |
| 490 ## - SERIES STATEMENT | |
| Series statement | Journal of Corporate Real Estate |
| Volume/sequential designation | 1(4) September 1999, 377-387(11) |
| 520 ## - SUMMARY, ETC. | |
| Summary, etc. | Case studies are used to illustrate the benefits of effective office design. Argues that the following essential factors must be in place: forward thinking leadership; integration of the design and use of IT; human resources, and office space; full user involvement; and data collection to measure the relation between buildings and organisational purpose. |
| 590 ## - LOCAL NOTE (RLIN) | |
| Local note | ABS |
| 650 ## - SUBJECT ADDED ENTRY--TOPICAL TERM | |
| Topical term or geographic name entry element | OFFICE DESIGN |
| 650 ## - SUBJECT ADDED ENTRY--TOPICAL TERM | |
| Topical term or geographic name entry element | PERFORMANCE MEASUREMENT |
| 650 ## - SUBJECT ADDED ENTRY--TOPICAL TERM | |
| Topical term or geographic name entry element | CASE STUDIES |
| 650 ## - SUBJECT ADDED ENTRY--TOPICAL TERM | |
| Topical term or geographic name entry element | ORGANISATIONAL CHANGE |
| 690 ## - LOCAL SUBJECT ADDED ENTRY--TOPICAL TERM (OCLC, RLIN) | |
| Topical term or geographic name as entry element | OFFICE SERVICES AND ADMINISTRATION |
| 942 ## - ADDED ENTRY ELEMENTS (KOHA) | |
| Suppress in OPAC | 0 |
| Withdrawn status | Lost status | Source of classification or shelving scheme | Damaged status | Not for loan | Home library | Current library | Shelving location | Date acquired | Total Checkouts | Full call number | Barcode | Date last seen | Copy number | Price effective from | Koha item type |
|---|---|---|---|---|---|---|---|---|---|---|---|---|---|---|---|
| Dewey Decimal Classification | London | London | Journal article | 18/10/1999 | ABS61411 | 100534-1001 | 06/08/2019 | 1 | 06/08/2019 | Journal article |